000 00194 a2200097 4500
001 24773
100 _aTatnall
245 _aTatnall on testing
260 _a
_bASM
_c1966
090 _c16739
_d16739
942 _aNUST-CAE
_cM
_c7490
999 _c259846
_d259846